• 首页
  • 本馆介绍
  • 公告通知
  • 最新文献
  • 馆藏检索
  • 电子资源
  • 读者导购
  • 参考咨询
  • 我的图书馆
  • 登录
  • 详细信息显示
  • 放入我的书架
  • 预约/预借图书
  • 作者相关作品
  • 分类相关作品
  • 丛书相关作品
  • 出版社相关作品

书目信息

  • 表格格式
  • 工作单格式
  • 卡片格式
题名:
微波管电子光学系统设计手册
    
 
作者: ;电子管设计手册编辑委员会 编
分册:  
出版信息: 北京   国防工业出版社  1981
页数: 385页
开本: 21cm
丛书名:
单 册:
中图分类: TN12-62
科图分类:
主题词: 微波管-电子光学--设计--手册 , 电子光学-微波管--设计--手册
电子资源:
ISBN:
000 00768nam0 2200241 45
001 0181004221
005 20060814143757.87
010    @b精装@dCNY2.05
091    @a15034.2111
100    @a19950510d1981 em y0chiy0121 ea
101 0  @achi
102    @aCN@b110000
105    @ay z 000yy
200 10 @a微波管电子光学系统设计手册@Awei bo guan dian zi guang xue xi tong she ji shou ce@f电子管设计手册编辑委员会编
210    @a北京@c国防工业出版社@d1981
215    @a385页@d21cm
606    @a微波管-电子光学@x设计@x手册
606    @a电子光学-微波管@x设计@x手册
690    @aTN12-62@v3 
711 02 @a电子管设计手册编辑委员会@Adian zi guan she ji shou ce bian ji wei yuan hui@4编
801  2 @aCN@bNLC@c20060814
801  0 @aCN@bTSSF
905    @a10447@dTN12-62@e18
    
    微波管电子光学系统设计手册/电子管设计手册编辑委员会编.-北京:国防工业出版社,1981
    385页;21cm
    
    
    ISBN (精装):CNY2.05
    
●
相关链接 在E读中查询图书 在五车中查询图书 在当当中查询图书 在豆瓣中查询图书


正题名:微波管电子光学系统设计手册     索取号:TN12-62/18         预约/预借

序号 登录号 条形码 馆藏地/架位号 状态 备注
1 0458184   204581844   密集书库/ [索取号:TN12-62/18] 在馆    
2 0458185   204581853   密集书库/ [索取号:TN12-62/18] 在馆    
唐山师范学院图书馆 欢迎您!
大连网信软件有限公司© 版权所有